| 000 | 00531nam a22002177a 4500 | ||
|---|---|---|---|
| 003 | FEu | ||
| 005 | 20140310182814.0 | ||
| 008 | 130226t xxu||||| |||| 00| 0 eng d | ||
| 020 | _a0071249370 | ||
| 050 |
_aHM 586 _b.Sch294 2005 |
||
| 082 |
_aCir HM 586 _bS3 2005 |
||
| 245 |
_aSociology _cSchaefer, Richard T. |
||
| 250 | _a9th ed. | ||
| 260 |
_aBoston _bMcGraw-Hill _cc2005 |
||
| 300 |
_a630 p. _c26 cm. |
||
| 521 | _acollege students | ||
| 526 | _c1210L-1700L | ||
| 541 | _j1 | ||
| 562 | _e2 | ||
| 942 |
_2lcc _cBK _kM |
||
| 999 |
_c16244 _d16244 |
||